000 00530nam a2200181Ia 4500
001 19220
008 171214s1931 ii g b000 u 465 u
082 _a329.942
100 _aAllyn, Emily .
245 0 _aLords Versus Commons: A Century of Conflict and Compromise 1830-1930 /
_cEmily Allyn.
_hTextual Documents
250 _a1st ed. /
260 _aLondon :
_bThe Century Co. ,
_cC1931.
300 _aviii,266p. ;
_c22cm.
504 _aIndex
653 _aParliament Act
653 _aT/G-Political Science
942 _2ddc
_cBK
999 _c19202
_d19202